Capital cities - Furthest away from each other - Statistics

General Stats
  • This quiz has been taken 625 times
  • The average score is 5 of 15
Answer Stats
DISTANCE CAPITAL CITY FURTHEST CAPITAL CITY % Correct
19 937 km Asuncion Taipei
64%
19 854 km Wellington Madrid
63%
19 805 km Bogota Jakarta
57%
19 603 km Montevideo Seoul
56%
19 741 km Quito Singapore
50%
19 196 km Sucre Manila
49%
19 697 km Paramaribo Dili
40%
19 815 km Lima Phnom Penh
35%
19 049 km Melekeok Brasilia
30%
19 471 km Bissau Honiara
19%
19 470 km Apia Abuja
18%
19 670 km Funafuti Lome
17%
19 323 km Yaren Monrovia
15%
17 585 km Mexico City Port Louis
15%
19 576 km Port-Vila Nouakchott
14%
No matching quizzes found
Score Distribution
Percent of People with Each Score
Percentile by Number Answered
Your Score History
You have not taken this quiz